000 00383nam a2200157Ia 4500
008 210719s1994 xx 000 0 und d
041 _aeng
082 _a891.461 DAST
100 _aDASILVA (Villiam)
245 _aThallavinh
260 _aManglur
_bPragati Prakashan
_c1994
300 _a107
_bPB
650 _aKonkani Poetry
650 _aKonkani Poetry
906 _aThallavinh
999 _c215703
_d215703